[Event "Championnat de France - Accession"]
[Site "Nimes"]
[Date "2009.08.13"]
[Round "3.35"]
[White "Ouakhir, Mehdi"]
[Black "Wunderman, Xavier"]
[Result "1/2-1/2"]
[WhiteElo "2237"]
[BlackElo "2169"]
[PlyCount "125"]

1. a3 Nf6 2. Nf3 b6 3. g3 Bb7 4. Bg2 d5 5. O-O Nbd7 6. d3 e5 7. Nbd2 Be7 8. b3
O-O 9. Bb2 Bd6 10. c4 d4 11. e4 c5 12. Nh4 g6 13. Bh3 Nh5 14. Nf5 Bc7 15. Bc1
Ndf6 16. Nh4 h6 17. b4 Kh7 18. bxc5 bxc5 19. Nb3 Bd6 20. Qd2 Ng8 21. Qa5 Qb6
22. Qxb6 axb6 23. f4 exf4 24. gxf4 Ne7 25. e5 Bc7 26. a4 Nc6 27. Bg2 Bd8 28.
Nf3 Na5 29. Nxa5 Rxa5 30. Ng5+ hxg5 31. Bxb7 gxf4 32. Bxf4 Bc7 33. Bd5 Kg7 34.
Bd2 Ra7 35. e6 f6 36. Bc6 Bd8 37. Rab1 f5 38. Rfe1 Kf6 39. Bd7 f4 40. e7 Bxe7
41. Rxb6+ Kf7 42. Bc6 g5 43. a5 Bd8 44. Rb7+ Rxb7 45. Bxb7 Nf6 46. a6 Bb6 47.
Rb1 Ba7 48. Ba5 Re8 49. Kf1 Re6 50. Bc8 Rc6 51. Rb7+ Ke8 52. Rxa7 Rxc8 53. Bc7
Nd7 54. Rb7 Ra8 55. a7 Ke7 56. h3 Ke6 57. Kg2 Kf5 58. Bb8 Ne5 59. Bc7 Nxd3 60.
Bb6 Re8 61. Rb8 Re2+ 62. Kf1 Re1+ 63. Kg2 1/2-1/2

[Event "Championnat de France - Accession"]
[Site "Nimes"]
[Date "2009.08.13"]
[Round "3.36"]
[White "Barret, Simon"]
[Black "Callet, Emmanuel"]
[Result "1-0"]
[WhiteElo "2166"]
[BlackElo "2215"]
[PlyCount "67"]

1. d4 Nf6 2. Nf3 e6 3. e3 b6 4. Bd3 Bb7 5. Nbd2 d5 6. Ne5 Bd6 7. b3 O-O 8. Bb2
c5 9. O-O Nc6 10. a3 Qe7 11. f4 Nd7 12. Nxd7 Qxd7 13. dxc5 bxc5 14. Bxh7+ Kxh7
15. Qh5+ Kg8 16. Bxg7 f6 17. Bxf8 Rxf8 18. Rf3 Rf7 19. Rh3 Rg7 20. Nf3 Bf8 21.
Nh4 Rh7 22. Qg4+ Bg7 23. Rf1 f5 24. Qg3 Ne7 25. Nf3 Rxh3 26. Qxh3 d4 27. exd4
cxd4 28. Ng5 Nd5 29. Qh7+ Kf8 30. Qg6 Nf6 31. h4 Bd5 32. Re1 Ne4 33. Nh7+ Kg8
34. Rxe4 1-0

[Event "Championnat de France - Accession"]
[Site "Nimes"]
[Date "2009.08.13"]
[Round "3.37"]
[White "Nass, Emile"]
[Black "Lewis, John"]
[Result "1/2-1/2"]
[WhiteElo "2186"]
[BlackElo "2147"]
[PlyCount "40"]

1. Nf3 d5 2. g3 Nf6 3. Bg2 e6 4. O-O Be7 5. d4 O-O 6. c4 dxc4 7. Qc2 a6 8. Qxc4
b5 9. Qc2 Bb7 10. Bg5 Nbd7 11. Bxf6 Nxf6 12. Nbd2 Rc8 13. Nb3 c5 14. dxc5 Be4
15. Qc3 Bd5 16. Rfd1 Qc7 17. Rac1 Bxb3 18. Qxb3 Bxc5 19. e3 Qb6 20. Ne5 Rc7
1/2-1/2

[Event "Championnat de France - Accession"]
[Site "Nimes"]
[Date "2009.08.14"]
[Round "4.1"]
[White "Lagarde, Maxime"]
[Black "Benitah, Yohan"]
[Result "0-1"]
[WhiteElo "2352"]
[BlackElo "2383"]
[PlyCount "68"]
[EventDate "2009.??.??"]

1. e4 e6 2. d4 d5 3. Nc3 Nf6 4. e5 Nfd7 5. Nce2 c5 6. f4 Nc6 7. Nf3 Qb6 8. c3
f6 9. g3 cxd4 10. cxd4 fxe5 11. fxe5 Bb4+ 12. Bd2 O-O 13. Bg2 Ndxe5 14. dxe5
Nxe5 15. Ned4 Nd3+ 16. Ke2 Qa6 17. Bxb4 Nxb2+ 18. Ke3 Nxd1+ 19. Rhxd1 e5 20.
Bxf8 exd4+ 21. Nxd4 Kxf8 22. Rf1+ Ke7 23. Bxd5 Kd6 24. Bb3 Bg4 25. Rf4 h5 26.
Kf2 Qa5 27. Re1 Rd8 28. h3 Bxh3 29. Rd1 Kc7 30. g4 Kb8 31. gxh5 Qg5 32. Ne6
Bxe6 33. Rxd8+ Qxd8 34. Bxe6 Qb6+ 0-1

[Event "Championnat de France - Accession"]
[Site "Nimes"]
[Date "2009.08.14"]
[Round "4.2"]
[White "Shirazi, Kamran"]
[Black "Moussard, Jules"]
[Result "1/2-1/2"]
[WhiteElo "2384"]
[BlackElo "2292"]
[PlyCount "138"]
[EventDate "2009.??.??"]

1. d4 Nf6 2. Nc3 e6 3. e4 d5 4. Bg5 Bb4 5. e5 h6 6. Bh4 g5 7. Bg3 Ne4 8. Nge2
c5 9. a3 Bxc3+ 10. Nxc3 Nxc3 11. bxc3 Qa5 12. Qd2 Nc6 13. h4 Rg8 14. hxg5 hxg5
15. dxc5 Qxc5 16. Rb1 b6 17. Rh5 Qxa3 18. Rxg5 Rh8 19. Bb5 Bb7 20. Ke2 O-O-O
21. Rg4 Ba6 22. Bxa6+ Qxa6+ 23. Qd3 Qa2 24. Rc1 Qb2 25. Rd1 Rh5 26. f3 Kb7 27.
f4 d4 28. Be1 Rh1 29. Rg7 Rd7 30. c4 Qa2 31. Bd2 Rxd1 32. Kxd1 Kc7 33. Ke2 a5
34. g4 a4 35. f5 a3 36. fxe6 fxe6 37. Rxd7+ Kxd7 38. Bc1 Qb1 39. Bxa3 Qh1 40.
Bd6 Qh2+ 41. Kf3 Qh1+ 42. Kg3 Qe1+ 43. Kg2 Nxe5 44. Bxe5 Qxe5 45. c3 Ke7 46.
cxd4 Qf4 47. Kh3 Kf6 48. d5 exd5 49. Qxd5 Qf1+ 50. Kg3 Qe1+ 51. Kf3 Qh1+ 52.
Kf4 Qf1+ 53. Ke3 Qg1+ 54. Kd3 Qd1+ 55. Kc3 Qxg4 56. Qd8+ Ke5 57. Qxb6 Qd1 58.
Kb4 Qe1+ 59. Kb5 Qb1+ 60. Ka6 Qf1 61. Qb5+ Kd4 62. c5 Qf8 63. c6 Qa8+ 64. Kb6
Qb8+ 65. Ka5 Qa7+ 66. Kb4 Qe7+ 67. Ka4 Qh7 68. Qb4+ Kd5 69. Kb5 Qc2 1/2-1/2

[Event "Championnat de France - Accession"]
[Site "Nimes"]
[Date "2009.08.14"]
[Round "4.3"]
[White "Saada, Julien"]
[Black "Bailet, Pierre"]
[Result "1/2-1/2"]
[WhiteElo "2289"]
[BlackElo "2352"]
[PlyCount "41"]
[EventDate "2009.??.??"]

1. d4 Nf6 2. Bg5 d6 3. Bxf6 exf6 4. e3 g6 5. g3 Bg7 6. Bg2 f5 7. Ne2 O-O $2 8.
O-O $2 Nd7 9. c4 Nf6 10. Nbc3 Re8 11. Qd3 c6 12. b4 Qe7 13. b5 Ne4 14. a4 Bd7
15. a5 Rab8 16. Rab1 Qd8 17. Ra1 a6 18. Rfb1 axb5 19. cxb5 cxb5 20. Nxb5 Bc6
21. Na7 1/2-1/2

[Event "Championnat de France - Accession"]
[Site "Nimes"]
[Date "2009.08.14"]
[Round "4.4"]
[White "Van Elst, Andreas"]
[Black "Boudre, Jean-Pierre"]
[Result "1/2-1/2"]
[WhiteElo "2288"]
[BlackElo "2337"]
[PlyCount "70"]
[EventDate "2009.??.??"]

1. d4 d5 2. c4 dxc4 3. e3 Be6 4. Nf3 Nf6 5. Nc3 c6 6. Ng5 Qc8 7. Nxe6 Qxe6 8.
a4 g6 9. Qe2 Na6 10. Qxc4 Qxc4 11. Bxc4 Nb4 12. Ke2 a5 13. Bd2 e6 14. Rac1 Be7
15. Rhd1 O-O 16. f3 Rfd8 17. Be1 Rd7 18. Nb1 Nbd5 19. Bg3 h5 20. Bb3 Bb4 21.
Bf2 Rad8 22. e4 Ne7 23. Nc3 g5 24. Na2 g4 25. Nxb4 axb4 26. Rc4 gxf3+ 27. Kxf3
Ng4 28. Rxb4 Nxh2+ 29. Ke2 Ng4 30. Bg1 Kg7 31. Rc4 Ng6 32. Rc3 Rc8 33. Bc2 Ne7
34. Rf3 e5 35. Rdd3 exd4 1/2-1/2

[Event "Championnat de France - Accession"]
[Site "Nimes"]
[Date "2009.08.14"]
[Round "4.5"]
[White "Dubreuil, Julien"]
[Black "Crut, Aurelien"]
[Result "1/2-1/2"]
[WhiteElo "2250"]
[BlackElo "2335"]
[PlyCount "78"]
[EventDate "2009.??.??"]

1. e4 e6 2. d4 d5 3. Nd2 c5 4. exd5 exd5 5. Ngf3 Nf6 6. Bb5+ Bd7 7. Bxd7+ Nbxd7
8. O-O Be7 9. dxc5 Nxc5 10. Nd4 Qd7 11. N2f3 O-O 12. Ne5 Qc7 13. Bf4 Qb6 14.
Nf5 Rfe8 15. Qd4 Bf8 16. Rfe1 Re6 17. Re3 Nce4 18. Qxb6 Rxb6 19. Nd3 Rc8 20.
Re2 g6 21. Nd4 Nc5 22. Nxc5 Bxc5 23. Nb3 Ne4 24. Nxc5 Nxc5 25. Rae1 Ne6 26. Be5
Rc5 27. f4 Ra6 28. g4 Ra4 29. Rf2 Re4 30. Rxe4 dxe4 31. Bf6 e3 32. Re2 Nxf4 33.
Rxe3 Ne6 34. Rc3 Rxc3 35. Bxc3 f5 36. gxf5 gxf5 37. Kf2 Kf7 38. Be5 b5 39. a3
Ke7 1/2-1/2

[Event "Championnat de France - Accession"]
[Site "Nimes"]
[Date "2009.08.14"]
[Round "4.6"]
[White "Valles, Manuel"]
[Black "Debray, Christopher"]
[Result "1/2-1/2"]
[WhiteElo "2142"]
[BlackElo "2328"]
[PlyCount "107"]
[EventDate "2009.??.??"]

1. d4 Nf6 2. c4 e6 3. Nc3 c5 4. d5 exd5 5. cxd5 d6 6. e4 g6 7. Be2 Bg7 8. Nf3
O-O 9. Nd2 Na6 10. O-O Nc7 11. a4 Rb8 12. f4 Re8 13. Re1 a6 14. a5 Bd7 15. Bf3
Nb5 16. e5 Nh5 17. Nxb5 Bxb5 18. Bxh5 gxh5 19. Qxh5 dxe5 20. fxe5 Qxd5 21. Nf3
Bd3 22. Bh6 Bxh6 23. Qxh6 Re6 24. Qf4 c4 25. h4 Rg6 26. h5 Rg7 27. e6 Qc5+ 28.
Nd4 Rf8 29. e7 Re8 30. Re5 Qd6 31. Rae1 f6 32. Nf5 Bxf5 33. Rxf5 Qxf4 34. Rxf4
Rexe7 35. Rxe7 Rxe7 36. Rxc4 Kg7 37. Rb4 Kh6 38. g4 f5 39. Rb6+ Kg5 40. gxf5
Kxh5 41. f6 Rc7 42. b4 Kg5 43. b5 axb5 44. Rxb5+ Kxf6 45. Rb6+ Kg5 46. a6 bxa6
47. Rxa6 Rc4 48. Ra3 Kg4 49. Ra5 h5 50. Ra3 h4 51. Rb3 Rc1+ 52. Kh2 Rc4 53. Ra3
Rf4 54. Kg2 1/2-1/2

[Event "Championnat de France - Accession"]
[Site "Nimes"]
[Date "2009.08.14"]
[Round "4.7"]
[White "Di Nicolantonio, Lucas"]
[Black "Jablonski, Noham"]
[Result "1/2-1/2"]
[WhiteElo "2100"]
[BlackElo "2305"]
[PlyCount "36"]
[EventDate "2009.??.??"]

1. e4 c5 2. Nf3 e6 3. c3 d5 4. e5 Qd7 5. d4 b6 6. a4 Ba6 7. Bxa6 Nxa6 8. O-O
Ne7 9. Qe2 Nc7 10. a5 c4 11. b3 b5 12. Ba3 Ng6 13. Bxf8 Nxf8 14. Nbd2 Ng6 15.
Rfb1 Qc6 16. g3 O-O 17. b4 f6 18. Rf1 f5 1/2-1/2

[Event "Championnat de France - Accession"]
[Site "Nimes"]
[Date "2009.08.14"]
[Round "4.8"]
[White "Rouler, Charly"]
[Black "Lutz, Eric"]
[Result "0-1"]
[WhiteElo "2335"]
[BlackElo "2245"]
[PlyCount "122"]
[EventDate "2009.??.??"]

1. d4 e6 2. c4 f5 3. g3 Nf6 4. Bg2 d5 5. Nf3 c6 6. O-O Bd6 7. Nc3 Nbd7 8. Qc2
Ne4 9. Rb1 O-O 10. b4 a6 11. Bf4 Bxf4 12. gxf4 Nd6 13. c5 Nc4 14. Rb3 Qf6 15.
e3 Qh6 16. Ne2 a5 17. a4 axb4 18. Rxb4 Nf6 19. Nc1 Ne4 20. Kh1 Rf6 21. Nd3 Qh5
22. Nde5 Nxe5 23. Nxe5 Rh6 24. h3 g5 25. Rg1 Kf8 26. f3 Nf6 27. Bf1 gxf4 28.
Qg2 Rg6 29. Nxg6+ hxg6 30. exf4 Kf7 31. Kh2 Nd7 32. Be2 Qh6 33. Qg5 Qxg5 34.
Rxg5 Nf6 35. Bd1 Nh5 36. Rb2 Nxf4 37. Kg3 e5 38. dxe5 Ne6 39. Kh4 Ra5 40. Rgg2
Nxc5 41. Be2 Ne6 42. Kg3 Rc5 43. h4 Rc3 44. h5 Nd4 45. hxg6+ Kxg6 46. Kf4+ Kf7
47. Bd1 Ne6+ 48. Kxf5 Rc4 49. Rg4 Nc5+ 50. Kg5 Bxg4 51. fxg4 Ke6 52. Kh6 Rc1
53. Bc2 Kxe5 54. g5 Ne6 55. a5 Rh1+ 56. Kg6 Rh2 57. Rxb7 Rxc2 58. a6 Ra2 59. a7
c5 60. Kh5 Nxg5 61. Kxg5 c4 0-1

[Event "Championnat de France - Accession"]
[Site "Nimes"]
[Date "2009.08.14"]
[Round "4.9"]
[White "Song, Julien"]
[Black "Ider, Borya"]
[Result "1/2-1/2"]
[WhiteElo "2319"]
[BlackElo "2234"]
[PlyCount "79"]
[EventDate "2009.??.??"]

1. e4 c6 2. d4 d5 3. exd5 cxd5 4. Bd3 Nc6 5. c3 Nf6 6. h3 g6 7. Nf3 Bg7 8. O-O
O-O 9. Re1 Qc7 10. Na3 a6 11. Nc2 b5 12. a4 Rb8 13. axb5 axb5 14. Qe2 Bf5 15.
Bxf5 gxf5 16. g3 Qb7 17. Bf4 Ra8 18. Ne5 e6 19. Nd3 Nd7 20. Bd6 Rfc8 21. Nc5
Nxc5 22. Bxc5 Kh8 23. Ra3 Rxa3 24. bxa3 Qa6 25. Rb1 Rb8 26. Qh5 Rb7 27. Qg5 h6
28. Qf4 Qa5 29. Qd6 Qxc3 30. Qxc6 Qxc2 31. Rf1 Rb8 32. Qc7 Rg8 33. Qxf7 Qe4 34.
Qg6 Bf8 35. Qf6+ Bg7 36. Qg6 Bf8 37. Qh5 Kh7 38. Bxf8 Rxf8 39. Rc1 Rg8 40. Rc7+
1/2-1/2

[Event "Championnat de France - Accession"]
[Site "Nimes"]
[Date "2009.08.14"]
[Round "4.10"]
[White "Bissieres, Matthieu"]
[Black "Bonn, Thomas"]
[Result "1/2-1/2"]
[WhiteElo "2300"]
[BlackElo "2225"]
[PlyCount "65"]
[EventDate "2009.??.??"]

1. e4 c5 2. Nf3 Nc6 3. Nc3 g6 4. d4 cxd4 5. Nxd4 Bg7 6. Be3 Nf6 7. h3 O-O 8.
Nb3 d6 9. Be2 Bd7 10. O-O Rc8 11. f4 a6 12. Qe1 Nb4 13. Bd3 Be6 14. Nd4 Bc4 15.
Bxc4 Rxc4 16. Qe2 Rc8 17. Rad1 Qc7 18. Qf2 Nc6 19. Nf3 b5 20. a3 b4 21. axb4
Nxb4 22. Bd4 Qb7 23. Bxf6 Bxf6 24. e5 Bg7 25. Rfe1 Nc6 26. exd6 exd6 27. Ne4
Qxb2 28. Nxd6 Rb8 29. f5 Qb6 30. Qxb6 Rxb6 31. fxg6 fxg6 32. Ne8 Rb1 33. c4
1/2-1/2

[Event "Championnat de France - Accession"]
[Site "Nimes"]
[Date "2009.08.14"]
[Round "4.11"]
[White "Romieux, Sebastien"]
[Black "Migot, Tangi"]
[Result "0-1"]
[WhiteElo "2284"]
[BlackElo "2114"]
[PlyCount "120"]
[EventDate "2009.??.??"]

1. e4 c5 2. Nf3 d6 3. d4 cxd4 4. Nxd4 Nf6 5. Nc3 a6 6. Bg5 e6 7. f4 Qb6 8. Nb3
Nbd7 9. Qf3 Qc7 10. O-O-O b5 11. Bd3 Bb7 12. Rhe1 Be7 13. Kb1 h6 14. Bh4 b4 15.
Ne2 g5 16. Bf2 d5 17. e5 Ne4 18. Bd4 O-O-O 19. g3 Kb8 20. Qe3 Rc8 21. Nec1 Rhg8
22. Qe2 Ndc5 23. Nxc5 Bxc5 24. Bxe4 dxe4 25. Bxc5 Qxc5 26. Rd7 gxf4 27. gxf4 e3
28. Nb3 Qc6 29. Rd6 Qc4 30. Qxc4 Rxc4 31. Rb6 Rxf4 32. Nc5 e2 33. Rxb7+ Kc8 34.
Nd3 Rf1 35. Rxb4 Rd8 36. Kc1 Rxe1+ 37. Kd2 Rh1 38. Rc4+ Kb7 39. Kxe2 Rxh2+ 40.
Ke3 Rh3+ 41. Kd2 h5 42. Rf4 Rd7 43. b4 Kb6 44. Kc3 Rh2 45. Rf6 Rc7+ 46. Nc5 Re2
47. Kd4 Rxc2 48. Rh6 Rxa2 49. Rxh5 a5 50. bxa5+ Rxa5 51. Ne4 Rd5+ 52. Ke3 f5
53. Nf6 Rxe5+ 54. Kd4 Re1 55. Rh2 Rf7 56. Rb2+ Kc6 57. Rc2+ Kd6 58. Ne8+ Ke7
59. Nc7 Re4+ 60. Kd3 Rh7 0-1

[Event "Championnat de France - Accession"]
[Site "Nimes"]
[Date "2009.08.14"]
[Round "4.12"]
[White "Sochacki, Christophe"]
[Black "Favarel, Antoine"]
[Result "1-0"]
[WhiteElo "2274"]
[BlackElo "2213"]
[PlyCount "61"]
[EventDate "2009.??.??"]

1. e4 c5 2. Nf3 Nc6 3. b4 cxb4 4. d4 d5 5. exd5 Qxd5 6. c4 Qe4+ 7. Be3 Bf5 8.
Nbd2 Qc2 9. Qxc2 Bxc2 10. d5 Nd8 11. c5 Ba4 12. Rb1 Nf6 13. Rxb4 Bd7 14. Bc4 e6
15. d6 b6 16. Nd4 Nc6 17. Nxc6 Bxc6 18. Bb5 Bxb5 19. Rxb5 Nd5 20. Nc4 Nxe3 21.
fxe3 f6 22. O-O Rd8 23. cxb6 axb6 24. Rxb6 Rc8 25. Rd1 Kd8 26. Na5 Ra8 27. Nb7+
Kd7 28. Nc5+ Kd8 29. Nxe6+ Kd7 30. Nc5+ Kd8 31. Rb7 1-0

[Event "Championnat de France - Accession"]
[Site "Nimes"]
[Date "2009.08.14"]
[Round "4.13"]
[White "Stephan, Victor"]
[Black "Le Goff, Damien"]
[Result "0-1"]
[WhiteElo "2198"]
[BlackElo "2270"]
[PlyCount "120"]
[EventDate "2009.??.??"]

1. e4 e6 2. d4 d5 3. Nc3 Bb4 4. e5 c5 5. Bd2 Ne7 6. Nb5 Bxd2+ 7. Qxd2 O-O 8. f4
cxd4 9. Nf3 Nd7 10. O-O-O Nc6 11. Nbxd4 Qa5 12. Qxa5 Nxa5 13. b3 a6 14. a4 Nb6
15. Kb2 Bd7 16. Bd3 Nc6 17. h4 a5 18. c3 f6 19. Rde1 Rae8 20. Re2 fxe5 21. fxe5
Re7 22. Ng5 h6 23. Ngf3 Be8 24. h5 Nd7 25. Nxc6 bxc6 26. b4 axb4 27. cxb4 c5
28. b5 Rf4 29. a5 c4 30. Bg6 Nc5 31. Bxe8 Rxe8 32. Rd1 Rb8 33. Nd4 Rxd4 34.
Rxd4 Rxb5+ 35. Kc3 Rxa5 36. Kb4 Nb3 37. Rf4 Ra8 38. Kc3 Nc5 39. Rc2 Nd3 40. Rf1
Nc5 41. Kb4 Ne4 42. Rf4 Rb8+ 43. Ka4 Nc5+ 44. Ka5 Nd3 45. Rf1 Nxe5 46. Re2 Nc6+
47. Ka6 e5 48. Ref2 Nb4+ 49. Ka5 Nd3 50. Rf7 Nf4 51. Rc7 Rf8 52. Kb5 Nxh5 53.
Ra1 Rf4 54. Ra8+ Kh7 55. Re8 e4 56. Re5 Nf6 57. Rf7 Rg4 58. Ree7 Rg6 59. Kc5 h5
60. Kd4 Kh6 0-1

[Event "Championnat de France - Accession"]
[Site "Nimes"]
[Date "2009.08.14"]
[Round "4.14"]
[White "Carpentier, Pierre"]
[Black "Platel, Alexandre"]
[Result "0-1"]
[WhiteElo "2247"]
[BlackElo "2206"]
[PlyCount "96"]
[EventDate "2009.??.??"]

1. b3 e5 2. Bb2 Nc6 3. e3 g6 4. Bb5 Bg7 5. f4 Nge7 6. Nf3 f6 7. fxe5 Nxe5 8.
Nxe5 fxe5 9. O-O c6 10. Be2 d5 11. e4 dxe4 12. Nc3 Qd4+ 13. Kh1 Be6 14. Bg4 Nf5
15. Bxf5 Bxf5 16. Rxf5 gxf5 17. Qh5+ Ke7 18. Qg5+ Bf6 19. Qxf5 Raf8 20. Rb1 Bg7
21. Qg4 Rf7 22. Ba3+ Kd8 23. Nxe4 Bf8 24. Qh5 Rd7 25. Ng5 Qd5 26. c4 Qd3 27.
Ne6+ Kc8 28. Qe8+ Rd8 29. Qxd8+ Qxd8 30. Nxd8 Bxa3 31. Nf7 Re8 32. b4 Rf8 33.
Nxe5 Bxb4 34. Nf3 a5 35. Re1 Rd8 36. Re2 Kc7 37. d4 Bc3 38. Re4 b5 39. cxb5
cxb5 40. Re5 Kb6 41. Re6+ Kc7 42. g4 a4 43. Re7+ Rd7 44. Re5 b4 45. a3 b3 46.
Rc5+ Kb6 47. Rxc3 b2 48. Nd2 Rxd4 0-1

[Event "Championnat de France - Accession"]
[Site "Nimes"]
[Date "2009.08.14"]
[Round "4.15"]
[White "Guilleux, Fabien"]
[Black "Weill, Roland"]
[Result "0-1"]
[WhiteElo "2381"]
[BlackElo "2227"]
[Annotator "Rivier,Sylvain"]
[PlyCount "74"]
[EventDate "2009.??.??"]

1. c4 g6 2. Nc3 Bg7 3. d4 d6 4. Nf3 Nd7 5. e4 e5 6. Be2 Ngf6 7. O-O O-O 8. Be3
h6 9. d5 Ng4 10. Bc1 h5 11. Rb1 Bh6 12. Bxh6 Nxh6 13. Qd2 Kg7 14. b4 f6 15.
Rfc1 Nf7 16. Bd3 c5 17. dxc6 bxc6 18. Rd1 Qe7 19. Bc2 Rd8 20. Qe3 Bb7 21. Nd2
Nf8 22. Nb3 Ne6 23. Rd2 c5 24. Nd5 Bxd5 25. exd5 Nd4 26. Nxd4 cxd4 27. Rxd4 Qc7
28. Rh4 f5 29. Qc3 Rac8 30. Bb3 Ng5 31. Qe1 Qe7 32. f4 Ne4 33. fxe5 Qxe5 34.
Qe3 Rd7 35. Re1 Qf6 36. Rf4 Rdc7 37. Rff1 Re8 {suite illisible} 0-1

[Event "Championnat de France - Accession"]
[Site "Nimes"]
[Date "2009.08.14"]
[Round "4.16"]
[White "Poignot, Quentin"]
[Black "Jolly, Jean-Francois"]
[Result "0-1"]
[WhiteElo "2183"]
[BlackElo "2366"]
[PlyCount "78"]
[EventDate "2009.??.??"]

1. e4 e5 2. Nf3 Nc6 3. Bb5 a6 4. Ba4 Nf6 5. O-O b5 6. Bb3 Bb7 7. d3 Be7 8. Nc3
O-O 9. a4 b4 10. Ne2 d5 11. exd5 Nxd5 12. a5 Qd7 13. Ng3 Bc5 14. Qe1 Rae8 15.
Qe4 Nf6 16. Qh4 Be7 17. Qc4 h6 18. Re1 Bd6 19. Bd2 Re7 20. Qh4 Nh7 21. Ne4 Kh8
22. Be3 Ba8 23. Nc5 Qc8 24. Qc4 Nb8 25. Qxb4 Bxf3 26. gxf3 f5 27. Kf1 f4 28.
Bd2 Qh3+ 29. Ke2 Nd7 30. Nxd7 Bxb4 31. Nxf8 Nxf8 32. Bxb4 Re8 33. Bd5 Ne6 34.
c3 Ng5 35. Rg1 e4 36. dxe4 Qxf3+ 37. Kd2 Qxf2+ 38. Kd3 Nf3 39. Rg6 Ne5# 0-1

[Event "Championnat de France - Accession"]
[Site "Nimes"]
[Date "2009.08.14"]
[Round "4.17"]
[White "Saucey, Michel"]
[Black "Ollier, Pablo"]
[Result "0-1"]
[WhiteElo "2366"]
[BlackElo "2226"]
[PlyCount "78"]
[EventDate "2009.??.??"]

1. d4 Nf6 2. c4 e6 3. Nf3 Bb4+ 4. Bd2 c5 5. Bxb4 cxb4 6. g3 O-O 7. Bg2 d6 8. a3
bxa3 9. Rxa3 Nc6 10. O-O e5 11. h3 Qb6 12. d5 Nb4 13. Nc3 Nd7 14. Na4 Qc7 15.
Nd2 h6 16. f4 exf4 17. gxf4 Re8 18. Kh2 f5 19. Rg3 Nf6 20. Bf3 Re7 21. Rfg1 b5
22. Qb3 a5 23. cxb5 Bb7 24. Nc3 Kh8 25. R1g2 Rc8 26. Rg6 Kh7 27. R6g3 Kh8 28.
Rg1 Qc5 29. R1g2 Nfxd5 30. Nxd5 Nxd5 31. Qa4 Qb4 32. Qxb4 axb4 33. Nb3 Nxf4 34.
Bxb7 Rxb7 35. Rf2 Nh5 36. Rd3 Rxb5 37. Rxd6 Re5 38. Nd4 f4 39. b3 Ng3 0-1

[Event "Championnat de France - Accession"]
[Site "Nimes"]
[Date "2009.08.14"]
[Round "4.18"]
[White "Daurelle, Herve"]
[Black "Buscara, Sevan"]
[Result "1-0"]
[WhiteElo "2292"]
[BlackElo "2225"]
[Annotator "Rivier,Sylvain"]
[PlyCount "74"]
[EventDate "2009.??.??"]

1. e4 d5 2. exd5 Qxd5 3. Nc3 Qa5 4. d4 Nf6 5. Nf3 Bf5 6. Bc4 c6 7. Bd2 e6 8.
Nd5 Qd8 9. Nxf6+ gxf6 10. c3 Nd7 11. Qe2 Nb6 12. Bb3 Qc7 13. Nh4 Bg6 14. O-O
O-O-O 15. a4 Nd5 16. g3 Be7 17. a5 f5 18. Ng2 Nf6 19. Bf4 Qd7 20. a6 b6 21. Be5
Rhg8 22. c4 Ng4 23. Nf4 Nxe5 24. dxe5 Bg5 25. Rfd1 Qc7 26. Nh3 Bh6 27. f4 Qe7
28. Qf3 Qc5+ 29. Nf2 Rxd1+ 30. Rxd1 Rd8 31. Rxd8+ Kxd8 32. Kg2 Kc7 33. h4 f6
34. exf6 Qd4 35. Nd3 Be8 36. c5 Qxf6 37. cxb6+ Kxb6 {suite illisible} 1-0

[Event "Championnat de France - Accession"]
[Site "Nimes"]
[Date "2009.08.14"]
[Round "4.19"]
[White "Lefebvre, Herve"]
[Black "Camus, Berenger"]
[Result "1-0"]
[WhiteElo "2279"]
[BlackElo "2200"]
[PlyCount "133"]
[EventDate "2009.??.??"]

1. e4 c5 2. Nf3 Nc6 3. Nc3 Nf6 4. d4 cxd4 5. Nxd4 e5 6. Ndb5 d6 7. Bg5 a6 8.
Na3 b5 9. Bxf6 gxf6 10. Nd5 Bg7 11. Bd3 Ne7 12. Nxe7 Qxe7 13. c4 f5 14. O-O O-O
15. Qf3 Rb8 16. exf5 bxc4 17. Nxc4 Bb7 18. Be4 d5 19. Bxd5 e4 20. f6 Bxf6 21.
Qg4+ Kh8 22. Bxb7 Rxb7 23. Rfe1 Bxb2 24. Nxb2 Rxb2 25. Qxe4 Qxe4 26. Rxe4 Rc8
27. g3 Rc6 28. Rf4 Kg7 29. a4 Rbc2 30. Ra3 R2c4 31. Raf3 f6 32. Kg2 Kg6 33. h4
h5 34. Kg1 Rc1+ 35. Kg2 R1c4 36. Kh2 a5 37. Kg2 Rxf4 38. Rxf4 Rc3 39. Kf1 Rc2
40. Kg2 Rc3 41. Rd4 Ra3 42. Rc4 Kh6 43. Kf1 Ra2 44. Ke1 Kg6 45. Kf1 Kh6 46. Kg2
Ra3 47. f3 Ra2+ 48. Kh3 Ra3 49. Rf4 Kg6 50. g4 hxg4+ 51. Kxg4 f5+ 52. Kg3 Ra2
53. Rc4 Kh5 54. Kf4 Ra3 55. Kxf5 Rxf3+ 56. Ke4 Rb3 57. Rc5+ Kxh4 58. Rxa5 Kg4
59. Rb5 Ra3 60. a5 Ra4+ 61. Kd5 Kf5 62. Kc6+ Kf6 63. Kc7 Ke6 64. Rb6+ Kd5 65.
a6 Kc5 66. Kb7 Rg4 67. a7 1-0

[Event "Championnat de France - Accession"]
[Site "Nimes"]
[Date "2009.08.14"]
[Round "4.20"]
[White "Maleki, Nicolas"]
[Black "Ravot, Sylvain"]
[Result "0-1"]
[WhiteElo "2165"]
[BlackElo "2276"]
[PlyCount "76"]
[EventDate "2009.??.??"]

1. d4 f5 2. Nc3 Nf6 3. Bg5 d5 4. Bxf6 exf6 5. e3 Be6 6. Bd3 g6 7. Qf3 c6 8.
Nge2 Nd7 9. h3 Ne5 10. dxe5 fxe5 11. Qg3 Bd6 12. f4 e4 13. Nd4 Bf7 14. Be2 Be7
15. O-O-O Bh4 16. Qh2 Bf2 17. Kb1 Qf6 18. g4 Bxe3 19. g5 Qg7 20. Nb3 a5 21. Qg3
Bb6 22. Na4 Ba7 23. Qc3 Qxc3 24. Nxc3 Be3 25. Rhf1 a4 26. Nd4 h6 27. b3 a3 28.
gxh6 Rxh6 29. Na4 Rxh3 30. Nb6 Rd8 31. c3 Ke7 32. Kc2 Rh2 33. Rde1 Rdh8 34. b4
R8h4 35. Kb3 Bf2 36. Nf3 exf3 37. Bxf3+ Bxe1 38. Rxe1+ Kd8 0-1

[Event "Championnat de France - Accession"]
[Site "Nimes"]
[Date "2009.08.14"]
[Round "4.21"]
[White "Mancini, Mario"]
[Black "Iwanesko, Alexandre"]
[Result "1-0"]
[WhiteElo "2269"]
[BlackElo "2101"]
[PlyCount "117"]
[EventDate "2009.??.??"]

1. e4 c5 2. Nf3 e6 3. d4 cxd4 4. Nxd4 a6 5. Bd3 Bc5 6. c3 d6 7. Be3 Nd7 8. Nd2
Ne7 9. O-O O-O 10. N2b3 Ba7 11. c4 Nc6 12. Rc1 Nde5 13. Bb1 Nxd4 14. Nxd4 Bd7
15. Qd2 b5 16. cxb5 axb5 17. b3 Bc5 18. h3 Ba3 19. Rcd1 Bc5 20. f4 Ng6 21. Kh1
Nxf4 22. Bxf4 e5 23. Be3 exd4 24. Bxd4 Bc6 25. Bb2 b4 26. Qf4 f6 27. Qh4 h6 28.
Qg3 Qe8 29. Rxf6 Rxf6 30. Bxf6 Qf7 31. Bb2 Rf8 32. Qg4 Bd7 33. Qe2 Be6 34. Bd3
Qf4 35. Rf1 Qg3 36. Rxf8+ Kxf8 37. Bc4 Bxc4 38. bxc4 Kg8 39. e5 Qg6 40. e6 Qb1+
41. Kh2 Bg1+ 42. Kg3 Qg6+ 43. Qg4 Qd3+ 44. Kh4 g5+ 45. Kh5 Kh7 46. Qf3 Qg6+ 47.
Kg4 h5+ 48. Kg3 Qxe6 49. Qb7+ Kg6 50. Qg7+ Kf5 51. Qh7+ Qg6 52. Qxg6+ Kxg6 53.
Kf3 Kf7 54. g4 h4 55. Ke4 Ke6 56. Bc1 Kf6 57. Kd5 Bc5 58. Bd2 Kg6 59. Ke6 1-0

[Event "Championnat de France - Accession"]
[Site "Nimes"]
[Date "2009.08.14"]
[Round "4.22"]
[White "Schabanel, Stephane"]
[Black "Lamard, Guillaume"]
[Result "1-0"]
[WhiteElo "2259"]
[BlackElo "2101"]
[PlyCount "59"]
[EventDate "2009.??.??"]

1. d4 d5 2. c4 c6 3. Nf3 Nf6 4. Nc3 e6 5. Bg5 dxc4 6. e4 b5 7. e5 h6 8. Bh4 g5
9. exf6 gxh4 10. Ne5 Qxf6 11. a4 Bb4 12. Be2 Bb7 13. Bf3 Qe7 14. O-O Bxc3 15.
bxc3 a6 16. Be4 Nd7 17. Bxc6 Bxc6 18. Nxc6 Qd6 19. axb5 O-O 20. Qf3 Kh7 21.
bxa6 f5 22. Rfb1 Rfc8 23. d5 Nc5 24. Nb4 Ne4 25. dxe6 Qxe6 26. Rd1 Rd8 27. h3
Kg6 28. Rxd8 Rxd8 29. a7 Ra8 30. Ra6 1-0